000 01724cam a22004574i 4500
003 PE-LiUPU
005 20250731172725.0
008 150617s r 000 0 d
035 _a(Sirsi) a11176
035 _a(Sirsi) a11176
040 _aPE-LiUPU
_bspa
_cPE-LiUPU
_erda
049 _aPRUA
082 0 4 _a221.7
_bTOT
_221
100 1 _aKidner, Derek,
_eautor.
245 1 0 _aPsalms 1 - 72.
_n14a /
_cDerek Kidner.
264 1 _aDowners Grove, Illinois :
_bInter-Varsity Press,
_c1973.
300 _a257 páginas ;
_c20 cm.
336 _atext
_2rdacontent
337 _aunmediated
_2rdamedia
338 _avolume
_2rdacarrier
505 0 _aHebrew poetry -- The structure of the psatter -- Some trends in the modern study of the psalms -- The Messianic hope -- Cries for vengeance -- Titles and Technical terms -- Davidic Episodes in the headings.
526 _aSEG42
526 _aSEG41
526 _aSEG40
526 _aSEG39
526 _aP94
526 _aP87
526 _aP86
526 _aP85
526 _aP77
526 _aP76
526 _aP35
630 _aBiblia
_pA.T.
_pSalmos
_xComentarios.
910 _ajck
_bjvq
_cjck
_d20150616
942 _2ddc
_cBOOK
949 _a221.7 TOT 14A
_wDEWEY
_c1
_i37718
_lRC
_mBUL
_r0
_sY
_tBOOK
_u2015-4-21
_xBIBLIOTECA
_zUNKNOWN
_0COMPRA
_o.CIRCNOTE. No olvidar cambiar la fecha de devolución!!!!!!!
_o.STAFF. Colección General
994 _aC0
_bPEPRU
596 _a1
999 _a221.7 TOT 14A
_wDEWEY
_c1299
_i37718
_d1299
_f2021-11-8
_g6
_lCCODEBUL1
_mBUL
_q11
_r1
_sY
_tBOOK
_u2015-4-21
_xTEOLOGIA
_zUNKNOWN
_0COMPRA
_o.CIRCNOTE. No olvidar cambiar la fecha de devolución!!!!!!!
_o.STAFF. Colección General
980 _81
_gALBERTO SANCHEZ Responsable de Automatización